000 00944nmm a2200277 a 4500
001 ocm000608231
003 TR-IsHL
005 20201028133308.0
008 131121s2009 tu tur
007 cr cn
020 _a9786055715373
035 _a608231
_b(N$T)
050 0 4 _aNC710
_b.W55 2009
090 0 4 _aNC710
_b.W55 2009
100 1 _aWillenbrink, Mark
245 1 0 _aYeni başlayanlar için çizim: başarılı çizim için açık ve anlaşılır bir rehber
_h[electronic resource] /
_cMark Willenbrink ; çev. Ebru Sürmeli
260 _aİstanbul :
_bBilge Kültür Sanat,
_c2009
300 _a128 p.
650 4 _aGenel Çalışmalar
650 4 _aGeneral Works
650 0 _aÇizim
_x Teknikler
650 0 _aDrawing
_x Techniques
650 7 _aART / Techniques / Drawing
_2bisacsh
700 1 _aSürmeli, Ebru
856 4 0 _uhttp://search.ebscohost.com/login.aspx?direct=true&scope=site&db=e011xww&AN=608231
999 _c5563
_d5563